| 000 | 00712nam a2200241Ia 4500 | ||
|---|---|---|---|
| 003 | GCL | ||
| 008 | 140319s9999 xx 000 0 ara d | ||
| 040 |
_aGCL / _cGCL |
||
| 082 | 0 | 4 |
_a188 _bب ف |
| 100 | 1 | _aباول، جون | |
| 245 | 1 | 0 |
_aالفكر السياسى العربى / _cباول، جون |
| 700 | 1 | _aمحمد رشاد خميس (مترجم) | |
| 700 | 1 | _aراشد البراوى | |
| 260 |
_a[S.N] : _bالهيئة المصرية العامة للكتاب ، _c1980 |
||
| 300 | _a485 | ||
| 490 | _a | ||
| 650 | 0 | 4 | _aتاريخ |
| 650 | 0 | 4 | _aالفلاسفة |
| 650 | 0 | 4 | _aالفلسفة الغربية |
| 650 | 0 | 4 | _aالعصور الوسطى |
| 650 | 0 | 4 | _aاوربا |
| 942 |
_2ddc _cBK |
||
| 999 |
_c31732 _d31732 |
||